000 00862nas a2200301 4500
001 BR0205988
003 BR-BrBNA
005 20231205103431.0
007 ta
008 230509b bl.|||p| |||| 00| 00por d
040 _aBR-BrBNA
_bpor
_cBiblioteca Nacional de Agricultura
041 _a(Pt)
072 _aL73; L70
100 1 _aGregory, L.
100 1 _aBirgel, E.H.
100 1 _aHoedemaker, M.
100 1 _aGrunert, E.
245 1 _aMastite dos bovinos: histórico de suas formas clínicas
650 _aGADO LEITEIRO
650 _aMAMITE
650 _aGLÂNDULA MAMÁRIA
650 _aDIAGNÓSTICO
650 _aLEITE
650 _aANÁLISE MICROBIOLÓGICA
773 0 _tRevista de Educação Continuada (Brazil)
_xISSN 1516-3326
_g(2001), v. 4(3) p. 31-38
_wBR0205988
909 _a202311
_bLúcia
_c55
_dLúcia Elande
942 _2AGRIS
_n0
_cANA
999 _c172826
_d172826